<?xml version="1.0" encoding="UTF-8"?>
<record
    xmlns:xsi="http://www.w3.org/2001/XMLSchema-instance"
    xsi:schemaLocation="http://www.loc.gov/MARC21/slim http://www.loc.gov/standards/marcxml/schema/MARC21slim.xsd"
    xmlns="http://www.loc.gov/MARC21/slim">

  <leader>03388nab a2200313 i 4500</leader>
  <controlfield tag="003">BR-BrBNA</controlfield>
  <controlfield tag="005">20241220143854.0</controlfield>
  <controlfield tag="008">241220b2015    bl.|r|pooa||| 00| 0 eng |</controlfield>
  <datafield tag="040" ind1=" " ind2=" ">
    <subfield code="a">BR-BrBNA</subfield>
    <subfield code="b">eng</subfield>
  </datafield>
  <datafield tag="072" ind1=" " ind2=" ">
    <subfield code="a">L73</subfield>
    <subfield code="b">5400</subfield>
  </datafield>
  <datafield tag="072" ind1=" " ind2=" ">
    <subfield code="a">L70</subfield>
  </datafield>
  <datafield tag="100" ind1=" " ind2=" ">
    <subfield code="a">Pereira, D.T.</subfield>
  </datafield>
  <datafield tag="100" ind1=" " ind2=" ">
    <subfield code="a">Cunha, V.E.S. </subfield>
  </datafield>
  <datafield tag="100" ind1=" " ind2=" ">
    <subfield code="a">Schmidt, C.</subfield>
  </datafield>
  <datafield tag="100" ind1=" " ind2=" ">
    <subfield code="a">Magnus, T. </subfield>
  </datafield>
  <datafield tag="100" ind1=" " ind2=" ">
    <subfield code="a">Krause , A. </subfield>
  </datafield>
  <datafield tag="245" ind1=" " ind2=" ">
    <subfield code="a">Sensitization study of dogs with atopic dermatitis in the central region of Rio Grande do Sul</subfield>
  </datafield>
  <datafield tag="500" ind1=" " ind2=" ">
    <subfield code="a">Publica&#xE7;&#xE3;o online; 24 ref.; 3 tables; Summaries (En, Pt)</subfield>
  </datafield>
  <datafield tag="520" ind1=" " ind2=" ">
    <subfield code="a">


ABSTRACT - Canine atopic dermatitis (CAD) is a common dermatosis, defined as a genetic-related disease which predisposes to skin inflammation and pruritus, associated to a IgE-specific response in most of cases. Clinical diagnosis may be later complemented by skin allergy and/or serological tests. The aim of these tests is to identify possible allergens in order to enable the clinicians to select candidate antigens for allergen specific immunotherapy. In the present study 58 CAD positive animals were tested. All were submitted to the intradermal test (IDT) and screened for the presence of antibodies against different antigens using ELISA. The obtained results show a high prevalence of sensitization among the tested dogs to house dust mites and to pollen of C. dactylon. With this work it was possible to identify the main allergens involved in immunological response of dogs with CAD living in central area of Rio Grande do Sul.


Keywords: intradermal test, serological test, house dust mites, storage mites, Cynodon dactylon</subfield>
  </datafield>
  <datafield tag="520" ind1=" " ind2=" ">
    <subfield code="a">


RESUMO - A dermatite at&#xF3;pica canina (DAC) &#xE9; uma dermatose comum, definida como doen&#xE7;a de cunho gen&#xE9;tico que predisp&#xF5;e &#xE0; inflama&#xE7;&#xE3;o e ao prurido cut&#xE2;neo, associados &#xE0; resposta IgE espec&#xED;fica na maior parte dos casos. O diagn&#xF3;stico da DAC &#xE9; cl&#xED;nico e pode ser posteriormente complementado por testes al&#xE9;rgicos cut&#xE2;neos e/ou sorol&#xF3;gicos. O objetivo desses testes &#xE9; identificar poss&#xED;veis al&#xE9;rgenos e, com isso, possibilitar ao cl&#xED;nico a sele&#xE7;&#xE3;o de ant&#xED;genos candidatos para a imunoterapia al&#xE9;rgeno-espec&#xED;fica. No presente estudo, foram testados 58 animais diagnosticados para DAC. Todos os animais foram submetidos ao teste cut&#xE2;neo intrad&#xE9;rmico (TID), e amostras de sangue foram coletadas para a realiza&#xE7;&#xE3;o de testes sorol&#xF3;gicos. Os resultados obtidos demonstraram elevada preval&#xEA;ncia de sensibiliza&#xE7;&#xE3;o aos &#xE1;caros domiciliares e ao p&#xF3;len da gram&#xED;nea C. dactylon nos c&#xE3;es testados. Com este trabalho, foi poss&#xED;vel identificar os principais al&#xE9;rgenos envolvidos na resposta imunol&#xF3;gica de c&#xE3;es at&#xF3;picos residentes na regi&#xE3;o central do Rio Grande do Sul.


Palavras-chave: teste intrad&#xE9;rmico, teste sorol&#xF3;gico, &#xE1;caros da poeira domiciliar, &#xE1;caros de produtos armazenados, Cynodon dactylon</subfield>
  </datafield>
  <datafield tag="650" ind1=" " ind2=" ">
    <subfield code="a">C&#xC3;O</subfield>
  </datafield>
  <datafield tag="650" ind1=" " ind2=" ">
    <subfield code="a">DOEN&#xC7;A ANIMAL</subfield>
  </datafield>
  <datafield tag="650" ind1=" " ind2=" ">
    <subfield code="a">DERMATITE</subfield>
  </datafield>
  <datafield tag="650" ind1=" " ind2=" ">
    <subfield code="a">VETERIN&#xC1;RIA</subfield>
  </datafield>
  <datafield tag="773" ind1="0" ind2=" ">
    <subfield code="0">1643</subfield>
    <subfield code="9">315898</subfield>
    <subfield code="d">Belo Horizonte-MG Universidade Federal de Minas Gerais - Escola de Veterinaria 1983</subfield>
    <subfield code="o">2024-2263</subfield>
    <subfield code="t">Arquivo Brasileiro de Medicina Veterin&#xE1;ria e Zootecnia (Brazil)</subfield>
    <subfield code="x">0102-0935</subfield>
    <subfield code="g">v. 67(6) p. 1533-1538; (2015)</subfield>
    <subfield code="w">BR2024004028</subfield>
  </datafield>
  <datafield tag="856" ind1=" " ind2=" ">
    <subfield code="u">https://www.scielo.br/j/abmvz/a/fqJMMWxjGvKjsTvRdBWFyvx/?format=pdf&amp;lang=en</subfield>
  </datafield>
  <datafield tag="942" ind1=" " ind2=" ">
    <subfield code="c">ANA</subfield>
  </datafield>
  <datafield tag="999" ind1=" " ind2=" ">
    <subfield code="c">329385</subfield>
    <subfield code="d">329385</subfield>
  </datafield>
</record>
